000 00812nam a2200241Ia 4500
003 OSt
005 20220923212348.0
006 a|||||r|||| 00| 0
007 ta
008 220922b |||||||| |||| 00| 0 hin d
024 _a152,366
037 _cTextual
040 _aARTS
_cARTS
_bhin
041 _2hin
_ahin
082 _aO115,3M76,DK, 152K2
100 _aरोल्वाग, ओले
245 0 _aधरती के देवता, अनु आर एस भारद्वाज
246 _aDharatī ke devatā, anu0 ār es bhāradvāja
260 _aनई दिल्ली
_b एस0 चन्द एण्ड क0
_c1962
300 _a136पृ.
_ccm.
942 _hO115,3M76,DK, 152K2
_cTEXL
_2CC
999 _c308015
_d308015